Normal view
MARC view
- Maleeha Humayun
Entry Personal Name
001 - CONTROL NUMBER
- control field: 108767
003 - CONTROL NUMBER IDENTIFIER
- control field: NUST
005 - DATE AND TIME OF LATEST TRANSACTION
- control field: 20230209101430.0
008 - FIXED-LENGTH DATA ELEMENTS
- fixed length control field: 230209|| aca||aabn | a|a d
040 ## - CATALOGING SOURCE
- Original cataloging agency: NUST
- Transcribing agency: NUST
100 ## - HEADING--PERSONAL NAME
- Personal name: Maleeha Humayun
670 ## - SOURCE DATA FOUND
- Source citation: Work cat.: (NUST): Maleeha Humayun., Comparison of EBV Associated Nasopharyngeal Cancers for the Identification of Therapeutic Targets and Modification of Existing Therapies /, 2023.
